000 01216nam a2200217 i 4500
001 163106
003 ES-MaACL
005 20230906212654.0
008 010912s1834 sp af |||| | spa d
040 _aCCPB | B
_bspa
_cCCPB | B
245 0 0 _aRecopilación de penas militares con arreglo a ordenanza y Reales Órdenes espedidas [sic] hasta el día
_b: abraza la instrucción del recluta de infantería ... formularios para el manejo mecánico de la compañía, tablas de reducción de socorros ... estension [sic] cuanto pueden desear.
250 _aNueva ed., adornada con 2 láminas que demuestran las señales de mando y 3 que representan las posiciones del recluta y manejo del arma
_barreglada, corr. y aum. por Manuel M. Mengs, Miguel Sánchez y Julian López.
260 _aMadrid :
_b[s.n.],
_c1834 (
_fImp. de Pedro Sanz)
300 _aIV, 533 p., [5] h. de lám. pleg. ;
_c16 cm.
594 _aPrecede al tít., en antep.: Instrucción de infantería.
650 4 _aDisciplina militar.
_9135934
700 1 _aSánchez, Miguel,
_cMilitar.
_9155303
700 1 _aLópez de la Cuesta, Julián.
_9155304
700 1 _aMengs, Manuel de.
_9155305
852 _aES-MaACL
_jG-10357
_z-- Enc. pasta española
999 _c163106
_d163106